L'Odyssee

Saved in:
Bibliographic Details
Main Author: Όμηρος, 8ος αι. π.Χ
Format: Book
Language:French
Published: Paris : Ernest Flammarion, Editeur, [193-].
Subjects:
Tags: Add Tag
No Tags, Be the first to tag this record!

MARC

LEADER 00000nam a2200000 a 4500
001 1/126292
008 230313q193u####fr | ||| |||| ||fre||
040 |a GR-MyUa  |b gre  |c GR-MyUa  |e AACR2 
041 1 |a fre 
082 7 |a 881.1   |2 (23) 
100 0 |a Όμηρος,   |d 8ος αι. π.Χ. 
245 1 0 |a L'Odyssee /   |c Homere.  
260 |a Paris :   |b Ernest Flammarion, Editeur,   |c [193-].  
300 |a 373, [3] σ. ;   |c 18 εκ.  
500 |a Το βιβλίο είναι από την προσωπική συλλογή των Μιχαήλ και Πέπας Αποστόλου, καθηγητή Γαλλικής γλώσσας της Εμπορικής Σχολής και δασκάλας της Προφυριάδας Σχολής αντίστοιχα.  
600 0 0 |a Όμηρος,   |d 8ος αι. π.Χ. 
650 0 |a Epic poetry, Greek. 
970 |a Γουβάλα  |b Βάσω  |z 13-3-2023